Every Lamborghini Huracán model ever - Statistics

General Stats
  • This quiz has been taken 38 times
  • The average score is 10 of 22
Answer Stats
Picture Answer % Correct
Lamborghini Huracán LP 610-4
100%
Lamborghini Huracán STO
75%
Lamborghini Huracán Sterrato
69%
Lamborghini Huracán GT3
63%
Lamborghini Huracán LP 610-4 Spyder
63%
Lamborghini Huracán Tecnica
63%
Lamborghini Huracán EVO
56%
Lamborghini Huracán LP 610-4 Polizia
56%
Lamborghini Huracán LP 620-2 Super Trofeo
56%
Lamborghini Huracán EVO Spyder
50%
Lamborghini Huracán Performante Spyder
50%
Lamborghini Huracán Performante
44%
Lamborghini Huracán EVO RWD
31%
Lamborghini Huracán EVO RWD Spyder
31%
Lamborghini Huracán Super Trofeo EVO2
31%
Lamborghini Huracán LP 610-4 Avio
25%
Lamborghini Huracán Super Trofeo EVO
25%
Lamborghini Huracán LP 580-2 RWD
19%
Lamborghini Huracán LP 580-2 RWD Spyder
19%
Lamborghini Huracán EVO Fluo Capsule
13%
Lamborghini Huracán GT3 EVO
13%
Lamborghini Huracán GT3 EVO2
13%
No matching quizzes found
Score Distribution
Percent of People with Each Score
Percentile by Number Answered
Your Score History
You have not taken this quiz